01633nam a22003377a 4500003000400000005001700004008004100021040002200062082001400084100003600098245004800134260005300182300001900235366000800254366000800262490002300270505021100293505013200504505021400636505002000850505001500870650004100885650005000926650004400976650004801020650004301068650004401111650004801155650004701203650004501250OSt20230421090148.0221006b |||||||| |||| 00| 0 eng d cBiblioteca Lado V a700bZ39a aZaya, Antonioeeditoredirector aAtalantica/bRevista de Arte y Pensamiento/ bCentro Atlantico de Arte Modernoc1992aEspaña c24x30cma136p. efre eeng v1992x1132-8428a4 tTerritoriosaEntrevista a Gary Simmons La pintura Islamica figurativa The famished road: la realidad y la magia Entrevista con JOHN CAGE JOHN CAGE o la revelacion de la eterna escucha CAGE y España  tNexusaEntrevista con Carmen Waugh Mas allá del neoclasicismo y el primitivismo Portafolio Fotográfico de Yolanda Andrade tRevistaaEntrevista con TONY PALMER CESAR MANRIQUE SAINT CLAIR CEMIN Artistas latinoamericanos CUEVAS, GALAN Y ROJOS CANDIDO CAMACHO La libre marceña De la locura considerada Juan Gopar IRA TIERRA  tEDICION INGLESA tJOSE LIRIO 2Tesauro de Arte & ArquitecturaaARTE 2Tesauro de Arte & ArquitecturaaEXPOSICIONES  2Tesauro de Arte & ArquitecturaaCULTURA 2Tesauro de Arte & ArquitecturaaAPRECIACION 2Tesauro de Arte & ArquitecturaaTEORIA 2Tesauro de Arte & ArquitecturaaCRITICA 2Tesauro de Arte & ArquitecturaaFOTOGRAFIA  2Tesauro de Arte & ArquitecturaaLITERATURA 2Tesauro de Arte & ArquitecturaaESPAÑA